El casamiento engañoso. Coloquio de los perros

Furkejuvvon:
Bibliográfalaš dieđut
Váldodahkki: Cervantes Saavedra, Miguel de
Materiálatiipa: Girji
Giella:Undetermined
Almmustuhtton: Buenos Aires, Argentina Kapelusz 1972
Fáttát:
Fáddágilkorat: Lasit fáddágilkoriid
Eai fáddágilkorat, Lasit vuosttaš fáddágilkora!

MARC

LEADER 00000nam a2200000Ia 4500
008 170316s9999 xx 000 0 und d
040 |a cru BVZT 
090 |a 862 C-37c 
100 |a Cervantes Saavedra, Miguel de 
245 |a El casamiento engañoso. Coloquio de los perros 
260 |a Buenos Aires, Argentina 
260 |b Kapelusz 
260 |c 1972 
300 |a 154 páginas 
650 |a LITERATURA ESPAÑOLA 
650 |a NOVELAS 
999 |c 9673  |d 9673 
942 |c 15 D  |h 862 C-37c  |2 z